MARC

LEADER 00000nam0a2200000 4500
001 23706
005 20231101205551.0
010 |a 5738000382 
035 |a (RuTPU)RU\TPU\book\23931 
035 |a BOOK00024004 
090 |a 23706 
100 |a 20011209d1999 k y0rusy50 ca 
101 1 |a rus  |c fre 
102 |a RU 
105 |a y z 000zy 
200 1 |a Система вещей  |e пер. с фр.  |f Ж. Бодрийяр 
210 |a Москва  |c Рудомино  |d 1999 
215 |a 222 с. 
451 1 |0 (RuTPU)RU\TPU\book\375  |y 5738000382  |t Система вещей  |o пер. с фр.  |f Ж. Бодрийяр  |c М.  |n Рудомино  |d 1995  |p 174 с.  |a Бодрийяр, Жан 
606 1 |a Образ жизни  |x Социологические исследования  |2 stltpush  |3 (RuTPU)RU\TPU\subj\37748  |9 58580 
610 1 |a философия 
610 1 |a французская философия 
610 1 |a 20 век 
610 1 |a социология 
610 1 |a потребление 
610 1 |a материальное потребление 
610 1 |a быт 
610 1 |a общество 
686 |a С55.47  |v LBC/SL-A  |2 rubbk 
700 1 |a Бодрийяр  |b Ж.  |c французский философ  |c социолог  |c культуролог  |f 1929-  |g Жан  |2 stltpush  |3 (RuTPU)RU\TPU\pers\8402 
801 0 |a RU  |b 63413507  |c 20011209  |g PSBO 
801 2 |a RU  |b 63413507  |c 20220408  |g PSBO 
900 |a Человек и его потребности 
942 |c BK